Lesquels de ces joueurs ont joué à l'OL ? - Statistiques

Statistiques générales
  • Ce quiz a été pris 88 fois
  • Le résultat moyen est 12 sur 17
Answers on the Grid
Answers color-coded by a green-red scale on the quiz's grid according to % correct below.
Juninho
Abner Felipe
Karim Benzema
Hugo Lloris
Akram Afif
Matthieu Udol
Milan Baroš
Sinaly Diomandé
Mamadou Sarr
Diego Luna
Ferland Mendy
Ousmane Dembélé
Bradley Barcola
Malo Gusto
Hákon Haraldsson
Corentin Tolisso
Bilal Nadir
Mathys De Carvalho
Luis Paradela
Christian Joel Sánchez
Nabil Fekir
Castello Lukeba
Raiko Arozarena
Houssem Aouar
Deiver Machado
Rayan Cherki
Karim Coulibaly
Amine Gouiri
Augustine Boakye
Alexandre Lacazette
 
Statistiques - réponses
Réponse % Correct
Juninho
100%
Hugo Lloris
86%
Corentin Tolisso
83%
Karim Benzema
83%
Bradley Barcola
81%
Nabil Fekir
81%
Rayan Cherki
80%
Alexandre Lacazette
78%
Malo Gusto
77%
Castello Lukeba
73%
Ferland Mendy
72%
Houssem Aouar
72%
Amine Gouiri
64%
Sinaly Diomandé
56%
Mathys De Carvalho
55%
Milan Baroš
48%
Mamadou Sarr
41%
Aucun quiz correspondant
Distribution des résultats
% des personnes avec chaque résultat
Percentile par nombre de réponses
Votre historique - résultats
Vous n’avez pas pris ce quiz